Lettres de Marcellin J.B. Champagnat 1789-1840, fondateur de l'Institut des Frères Maristes : repertoires /

La colección Fontes historici Societatis Mariae presenta los resultados de las investigaciones sobre la historia del Instituto de los Hermanos Maristas, así como los documentos oficiales que definen la identidad de la Institución. Este segundo tomo del volumen 7, aunque tiene por título Cartas de Ma...

Descripció completa

Guardat en:
Dades bibliogràfiques
Autor principal: Borne, Raymond (autor)
Altres autors: Sester, Paul (autor) (autor)
Format: Llibre
Idioma:francès
Col·lecció:(Fontes Historici Societatis Mariae)
Matèries:
Etiquetes: Afegir etiqueta
Sense etiquetes, Sigues el primer a etiquetar aquest registre!

MARC

LEADER 00000nam^a2200000^a^4500
001 000390405
005 20250521000000.0
009 20260310121146.486
037 |a Acervo ITESO - Biblioteca 
041 |a FRA 
082 |a 255. 792009  |b FON V. 7 T. 2 
100 |a Borne, Raymond  |e (autor) 
240 1 1 |a [Lettres de Marcellin J.B. Champagnat] 
245 1 0 |a Lettres de Marcellin J.B. Champagnat 1789-1840, fondateur de l'Institut des Frères Maristes :  |b repertoires /  |c R. Borne, P. Sester. 
264 |a Roma, Italia :  |b Hermanos Maristas,  |c 1987 
300 |a 677 p. 
336 |a texto  |b txt  |2 rdacontenido 
337 |a sin mediación  |b n  |2 rdamedio 
338 |a volumen  |b nc  |2 rdasoporte 
440 1 |a (Fontes Historici Societatis Mariae) 
520 |a La colección Fontes historici Societatis Mariae presenta los resultados de las investigaciones sobre la historia del Instituto de los Hermanos Maristas, así como los documentos oficiales que definen la identidad de la Institución. Este segundo tomo del volumen 7, aunque tiene por título Cartas de Marcelino Champagnat, no contiene tales cartas, sino que se trata de estudios sobre ellas. 
561 |a Ex libris de Biblioteca Quinta Soledad, Centro Champagnat 
649 |a XX 
650 |a Maristas -  |x Historia -  |x Tema Principal 
650 |a Maristas -  |x Historia -  |x Fuentes 
650 |a Iglesia Católica en Francia -  |x Historia 
650 |a Iglesia y Educación -  |z Francia -  |x Historia 
650 |a Monasticismo y Ordenes Religiosas -  |z Francia -  |x Historia 
650 |a Cartas Francesas -  |x Historia y Crítica -  |x Tema Principal 
650 |a Catolicismo -  |x Historia 
650 |a Cristianismo -  |x Historia 
650 |a Religión -  |x Historia 
650 |a Francia -  |x Historia -  |y Siglo XVIII 
650 |a Francia -  |x Historia -  |y Siglo XIX 
650 |a Champagnat, Marcelino -  |x Tema Principal 
700 |a Sester, Paul  |e (autor) 
910 |a Fondo General 
920 |a Impresos - Libros 
930 |a Colección General 
905 |a 101 
901 |a 0500284972  |b IT1  |c ACC  |i D82898  |u 20250521 
902 |a https://opac.biblio.iteso.mx/vufind/Record/000390405